000 00652cam a22002173a 4500
001 44822
003 PGUSA
005 20140828084026.0
008 140202s2014||||xxu|||||s|||||000 | eng d
040 _aPGUSA
_beng
042 _adc
100 1 _aSurtees, Robert Smith,
_d1805-1864
245 1 0 _aAsk Momma ;
_bor, The Richest Commoner In England
_h[electronic resource] /
_cRobert Smith Surtees
260 _bProject Gutenberg,
_c2014
506 _aPublic domain in the USA.
516 _aElectronic text
700 1 _aLeech, John,
_d1817-1864
830 0 _aProject Gutenberg
_v44822
856 4 0 _uhttp://www.gutenberg.org/ebooks/44822
942 _cEB
999 _c274073
_d274073